The Black family : essays and studies /

Bibliographic Details
Main Author: Staples, Robert
Format: Book
Language:English
Published: Belmont, Calif. : Wadsworth Pub. Co., [1978]
Edition:2d ed.
Subjects:

MARC

Tag First Indicator Second Indicator Subfields
LEADER 00000pam a2200000 i 4500
001 in00000314331
005 20151010162940.0
008 770725s1978 cau b 00010 eng
010 |a  77021417  
020 |a 0534005578 
035 |a (OCoLC)03202581 
035 |9 ABJ6925AM 
040 |a DLC  |c DLC  |d TXA  |d UtOrBLW 
043 |a n-us--- 
049 |a TXAM  |c [1402819] 
050 0 0 |a E185.86  |b .S7 1978 
082 0 |a 301.41 
100 1 |a Staples, Robert. 
245 1 4 |a The Black family :  |b essays and studies /  |c Robert Staples. 
250 |a 2d ed. 
264 1 |a Belmont, Calif. :  |b Wadsworth Pub. Co.,  |c [1978] 
264 4 |c ©1978 
300 |a 282 pages ;  |c 24 cm. 
336 |a text  |b txt  |2 rdacontent 
337 |a unmediated  |b n  |2 rdamedia 
338 |a volume  |b nc  |2 rdacarrier 
504 |a Bibliography: pages 271-282. 
650 0 |a African American families. 
999 |a MARS 
999 f f |s b6818eb8-098d-3b79-928a-7810bf21b32c  |i a0e916ea-7cea-3f63-9277-0f2a1e08a105  |t 0 
952 f f |p normal  |a Texas A&M University  |b College Station  |c Sterling C. Evans Library  |d Evans: Library Stacks  |t 0  |e E185.86 .S7 1978  |h Library of Congress classification  |i unmediated -- volume  |m A14802191927 
998 f f |a E185.86 .S7 1978  |t 0  |l Evans: Library Stacks